000 00682nam a2200229Ia 4500
003 GCL
008 140319s9999 xx 000 0 ara d
040 _aGCL /
_cGCL
082 0 4 _aد
_b050
_bم ا
100 1 _aمؤسسة الاهرام
245 1 0 _aالاهرام الرياضى /
_cمؤسسة الاهرام
260 _a[S.N] :
_bمؤسسة الاهرام
300 _a65
490 _aمركز خلدون للدراسات الانمائية
_v0
650 0 4 _aالرياضة البدنية
650 0 4 _aالرياضة
650 0 4 _aكرة القدم
650 0 4 _aكرة السلة
650 0 4 _aكرة اليد
650 0 4 _aكرة الماء
942 _2ddc
_cCF
999 _c26988
_d26988